| 000 -LEADER | |
|---|---|
| fixed length control field | 00481nam a22001817a 4500 |
| 005 - DATE AND TIME OF LATEST TRANSACTION | |
| control field | 20240902134609.0 |
| 008 - FIXED-LENGTH DATA ELEMENTS--GENERAL INFORMATION | |
| fixed length control field | 240902b |||||||| |||| 00| 0 eng d |
| 020 ## - INTERNATIONAL STANDARD BOOK NUMBER | |
| ISBN | 978-93-325-4260-0 |
| 041 ## - LANGUAGE CODE | |
| Language code of text/sound track or separate title | eng |
| 082 ## - DEWEY DECIMAL CLASSIFICATION NUMBER | |
| Classification number | 621.3815 BOY |
| 100 ## - MAIN ENTRY--AUTHOR NAME | |
| Personal name | BOYLESTAD, ROBERT L. AND NASHEISKY, LOUIS |
| 245 ## - TITLE STATEMENT | |
| Title | ELECTRONIC DEVICES AND CIRCUIT THEORY |
| 250 ## - EDITION STATEMENT | |
| Edition statement | 11TH ED. |
| 260 ## - PUBLICATION, DISTRIBUTION, ETC. (IMPRINT) | |
| Place of publication | UTTAR PRADESH |
| Name of publisher | PEARSON |
| Year of publication | 2015 |
| 300 ## - PHYSICAL DESCRIPTION | |
| Number of Pages | 932;P |
| 650 ## - SUBJECT ADDED ENTRY--TOPICAL TERM | |
| Topical Term | BMLT |
| 942 ## - ADDED ENTRY ELEMENTS (KOHA) | |
| Koha item type | Books |
| Lost status | Damaged status | Collection code | Home library | Current library | Shelving location | Date acquired | Source of acquisition | Cost, normal purchase price | Full call number | Accession Number | Koha item type |
|---|---|---|---|---|---|---|---|---|---|---|---|
| Bachelor of Medical Laboratory Technology | JRU Library | JRU Library | SHELF-72-A | 30/08/2024 | PURCHASE | 1025.00 | 621.3815 | 28393 | Books | ||
| Bachelor of Medical Laboratory Technology | JRU Library | JRU Library | SHELF-106-E | 30/08/2024 | PURCHASE | 1025.00 | 621.3815 | 28394 | Books |